| 000 | 01241nam0a2200337 4500 | ||
|---|---|---|---|
| 001 | RU\NLR\bibl\597084 | ||
| 005 | 20260407063059.0 | ||
| 010 |
_a5-353-01553-3 _bв пер. _95000 |
||
| 021 |
_aRU _b2004-34837 _91747 |
||
| 035 | _aRSL-KNO-002443563 | ||
| 035 | _a(NLR Aleph) 000589040 | ||
| 090 |
_a1701226 _c1701226 |
||
| 100 | _a20040618d2004 |||y0rusy50 ca | ||
| 101 | 0 | _arus | |
| 102 | _aRU | ||
| 105 | _aa ||||||||| | ||
| 106 | _ar | ||
| 200 | 1 |
_aВремена года _eэнцикл. _e[для дошк. возраста _fБабенко Владимир Григорьевич _gил. Н.В. Данильченко и др.] |
|
| 210 |
_aМ. _cРосмэн _d2004 _eСПб. : ОАО Иван Федоров |
||
| 215 |
_a87 с. _cцв. ил. _d28 |
||
| 610 | 0 | _aДетская литература | |
| 686 |
_aШ9:Бя20(2) _2rubbk |
||
| 686 |
_aШ9 _bД247 |
||
| 702 | 1 |
_4220 _7ca _8rus _aБабенко _bВ. Г. _cд-р биол. наук, писатель _f1950- _gВладимир Григорьевич _9122987 _3RU\NLR\AUTH\7713294 |
|
| 801 | 0 |
_aRU _bRuMoRKP _c20040618 _grcr |
|
| 801 | 1 |
_aRU _bRuMoRGB _c20040618 |
|
| 801 | 2 |
_aRU _bNLR _c20050114 _gPSBO |
|
| 942 | _cBOOK | ||
| 980 | _aNB | ||